02086nam a2200265Ia 4500001000600000003000900006008004100015040001300056040001300069041001300082100001700095100002900112240002400141240003500165245006400200245006400264250001100328260001100339260002200350260004900372300005700421500128700478650002401765650003101789H2044IT-RoPAU130308s9999 xx 000 0 und d aIT-RoPAU cIT-RoPAU aITALIANO aDebray Regis gCodice Aut. SPICS: 4417 aDIEU, UN ITINERAIRE gCodice Tit. Orig. Spics: T3326 aDio, un itinerario: per una storia dell'eterno in occidente bDio, un Itinerario: per una storia dell'eterno in Occidente a1a ed. aMILANO bCortina Raffaello c2002 [1° Ed.:2002 - Ed.Ling.Originale:2001] a"400 p. (prefazione: no ; testo: 400 [pagine: 0-0])" a"Perche' l'uomo continua a Credere in Dio? in che Modo la fede si è Trasmessa Attraverso I Secoli? e Come Il volto di Dio si è Evoluto al passo con la Storia? a Tali Domande Risponde l'autore di Questo Libro. Il Dio Punitivo degli Ebrei Non è Il Dio di Consolazione dei Cristiani Ne' L'Energia cosmica Impersonale New Age. Debray Mette in Evidenza le Peripezie di una Genesi, le Biforcazioni di un itinerario e I costi della Sopravvivenza. istruzioni per L'Uso. Coronamento: un Capolinea chiamato Origine; in Alto Sulle Dune: Ritornello Sul Deserto, Ecosistema Divino, Teocrazia patologia del Deserto; Decollo Alfabetico: Dire e Leggere, Lunga marcia dei Segni; portatile Ma Ancora Casalingo: Roulotte di Dio, paradosso Monoteista, sindrome di Gerusalemme. Dispiegamento: L'Uno per Tutti: Effetto Tradizione, Codice Angelico; Corpo Mediatore: Ecclesiologia Come Scienza Politica; Salve Regina: Riparazioni e Pentimenti, Lo scritto medium Sessista, prime Tentazioni di Cristo, Il Logos si Fece Eros, Arte Motrice; Ultima Fiamma: Massa e Potere, Famiglia veicolo e Santuario. Cancellazione: Cristo Parricida: Il padre muore nel Figlio; Ognuno per Se': Mediatore a rischio dei Media, crepuscolo di Dio e Mattino dei Maghi; L'Eterno dell'Eterno. Note Complementari. Bibliografia." aPASTORALE E CULTURE eCodice materia Spics: 9302